Histoire du Québec - Statistiques

Statistiques générales
  • Ce quiz a été pris 178 fois
  • Le résultat moyen est 7 sur 15
Statistiques - réponses
Hint Réponse % Correct
Quel est le nom de la célèbre équipe de hockey professionnelle de la ville de Montréal ? Canadiens
90%
Nom de la Révolution ayant eu lieu de 1960 à 1970 : Révolution ______ Tranquille
68%
L'année de la fondation de Québec 1608
67%
L'année de la fondation de Montréal 1642
59%
En quelle année l'exposition universelle ayant été tenue à Montréal a t'elle eu lieu ? 1967
59%
Quel chef politique a dit la célèbre phrase « Vive le Québec libre » ? Charles de Gaulle
58%
Qui a été le premier chef du Parti Québécois ? René Lévesque
57%
L'année de la fondation de Trois-Rivières 1634
48%
Le premier intendant de la Nouvelle-France Jean Talon
45%
Qui était considéré comme le chef des Patriotes lors des rébellions de 1837-1838 Louis-Joseph Papineau
32%
Qui fut le premier colon de la Nouvelle-France ? Louis Hébert
20%
Nom du groupe de musique très populaire ayant feu Karl Tremblay comme chanteur Cowboys fringuants
19%
Quel est le nom du chef autochtone de la tribu des Outaouais ayant été impliqué dans la révolte de 1763 ? Pontiac
17%
Nom de famille des frères anglais qui se sont emparés de Québec en 1629 Kirke
14%
Qui est le premier premier ministre du Québec ? Pierre-Joseph-Olivier Chauveau
6%
Aucun quiz correspondant
Distribution des résultats
% des personnes avec chaque résultat
Percentile par nombre de réponses
Votre historique - résultats
Vous n’avez pas pris ce quiz